Traité de zoologie. T.12

Salvato in:
Dettagli Bibliografici
Autore principale: Pierre P Grassé
Natura: Libro
Lingua:Undetermined
Pubblicazione: Paris Masson et Cie 1952
Soggetti:
Tags: Aggiungi Tag
Nessun Tag, puoi essere il primo ad aggiungerne! !
Thư viện lưu trữ: Trung tâm Học liệu Trường Đại học Cần Thơ
LEADER 00466nam a2200181Ia 4500
001 CTU_26288
008 210402s9999 xx 000 0 und d
082 |a 591 
082 |b G768/T12 
100 |a Pierre P Grassé 
245 0 |a Traité de zoologie. T.12 
245 0 |c Pierre P Grassé 
260 |a Paris 
260 |b Masson et Cie 
260 |c 1952 
650 |a zoology 
904 |i Minh, 981013 
980 |a Trung tâm Học liệu Trường Đại học Cần Thơ